00325nam a2200133Ia 4500008004100000041001200041082001100053100001600064245005100080260002900131300000800160650000700168700001600175221030s9999 xx 000 0 und d aEnglish a105.23 aG. Polyakov 0aIndustrial Wiringcby G. Polyakov, A. Kovarsky bProgress Pub.aMoscowc0 a307 aEE aA. Kovarsky